| 000 | 00523nam a22001937a 4500 | ||
|---|---|---|---|
| 003 | IT-MiCISF | ||
| 005 | 20260320195422.0 | ||
| 008 | 260320b |||||||| |||| 00| 0 eng d | ||
| 040 | _cIT-MiCISF | ||
| 100 |
_aCozzaglio Giacomo _961078 |
||
| 245 | _aIn famiglia, ma soli | ||
| 250 | _a"Il Segno", n. 1, gennaio | ||
| 260 | _c2026 | ||
| 300 | _app. 24-31 | ||
| 500 | _afamiglia-unipersonale, statistica, famiglia-urbana, servizi-sociali, chiesa | ||
| 650 | _aPopolazione | ||
| 654 | _aarticolo | ||
| 942 |
_2ddc _cCR |
||
| 999 |
_c360736 _d360736 |
||